The honourable chiftains [as printed] of the highland-clans, vindicated, from the false aspersions, and scurrilous reflections, thrown upon them, by Ridpath the scandalous and justly condemn'd libeller.

Bibliographic Details
Format: eBook
Language:English
Series:Eighteenth century collections online.
Online Access:Full text online

MARC

Tag First Indicator Second Indicator Subfields
LEADER 00000cam a2200000 4500
001 in00001901774
006 m | d |
007 cr |n||||||||n
008 801126s1713 stk|||| s 00||||eng d
005 20260407204328.3
035 |a (CStRLIN)ESTCT109250 
040 |a Uk-ES  |c Uk-ES  |d CStRLIN  |d Thomson Gale  |d UtOrBLW 
245 0 4 |a The honourable chiftains [as printed] of the highland-clans, vindicated, from the false aspersions, and scurrilous reflections, thrown upon them, by Ridpath the scandalous and justly condemn'd libeller. 
264 3 |a [Edinburgh] :  |b London, printed; re-printed at Edinburgh by James Watson, and sold at his shop,  |c 1713. 
300 |a 8p. ;  |c 4⁰. 
336 |a text  |b txt  |2 rdacontent 
337 |a computer  |b c  |2 rdamedia 
338 |a online resource  |b cr  |2 rdacarrier 
500 |a Reproduction of original from the British Library. 
510 4 |a English Short Title Catalog,  |c ESTCT109250. 
533 |a Electronic reproduction.  |b Farmington Hills, Mich. :  |c Thomson Gale,  |d 2003.  |n Available via the World Wide Web.  |n Access limited by licensing agreements  |7 s2003 miunns 
500 |a Electronic resource. 
830 0 |a Eighteenth century collections online. 
856 4 0 |u http://proxy.library.tamu.edu/login?url=https://galenet.galegroup.com/servlet/ECCO?c=1&stp=Author&ste=11&af=BN&ae=T109250&tiPG=1&dd=0&dc=flc&docNum=CW104379008&vrsn=1.0&srchtp=a&d4=0.33&n=10&SU=0LRL+OR+0LRI&locID=txshracd2898  |z Full text online  |t 0 
999 |a MARS 
999 f f |s 557105cf-34fe-34b4-85e0-26d69509af6b  |i 4f3fe8ef-09eb-3cc3-b064-af2ab3c9466d  |t 0 
952 f f |a Texas A&M University  |b College Station  |c Electronic Resources  |s www_evans  |d Available Online  |t 0  |h No information provided 
998 f f |t 0  |l Available Online